000 00629nam a2200169Ia 4500
008 090201s9999 xx 000 0 und d
010 _aKPL-60686
040 _bमराठी
041 _aमराठी
082 _a1945
_b60686
100 _aसुरेश रामदास पाठक
245 _aमला समजलेला दासबोध खंड 2
_cसुरेश रामदास पाठक
260 _c2004
_bस्वामीकृपा प्रकाशन
300 _a256
_bमोठा
600 _aमला समजलेला दासबोध खंड 2
942 _cBOOK
999 _c203033
_d203033